000 00899nam0a2200265 4500
001 RU\NLR\bibl\1702908
005 20260406060124.0
010 _a978-5-389-01086-4
_910000
021 _aRU
_b2010-81357
_95418
035 _a(NLR Aleph) 001693975
090 _a1178458
_c1178458
100 _a20101122d2010 |||y0rusy50 ca
101 1 _arus
_ceng
102 _aRU
105 _ay |||||||||
200 1 _aЧистая работа
_e[роман]
_fЛинда Ла Плант
_g[пер. с англ. Татьяны Камышниковой]
210 _aСанкт-Петербург
_cАзбука
_d2010
215 _a443, [2] с.
_d21
686 _aШ6(4Вл)67-446{Лх1299-60}
700 1 _4070
_7ca
_8rus
_aЛа Плант
_bЛ.
_f1943-
_gЛинда
_3RU\NLR\AUTH\7710391
_9120168
801 0 _aRU
_bNLR
_c20101122
_gRCR
801 1 _aRU
_bNLR
_c20101122
942 _cBOOK
980 _aNB